[Event "Valles Oriental-ch prel"]
[Site "Llinars"]
[Date "2012.02.11"]
[Round "4.5"]
[White "Serrano Rubio, Ivan"]
[Black "Lopez Pajuelo, Aleix"]
[Result "0-1"]
[WhiteElo "1700"]
[BlackElo "1942"]
[PlyCount "62"]
[EventDate "2012.01.14"]
[EventType "swiss"]
[EventRounds "5"]
[EventCountry "ESP"]
[SourceTitle "EXT 2024"]
[Source "ChessBase"]
[SourceDate "2023.10.10"]
[SourceVersion "1"]
[SourceVersionDate "2023.10.10"]
[SourceQuality "1"]

1. e4 e6 2. d4 d5 3. Nc3 Bb4 4. Bd2 Bxc3 5. Bxc3 dxe4 6. f3 exf3 7. Nxf3 Nf6 8. Bc4 c6 9. 0-0 Nbd7 10. Bb4 a5 11. Bd2 0-0 12. Ne5 Nxe5 13. c3 Nxc4 14. Qe2 Nxd2 15. Qxd2 c5 16. Qe1 cxd4 17. cxd4 Qxd4+ 18. Kh1 Qxb2 19. Rd1 Nd5 20. Rg1 Bd7 21. Qe4 Nc3 22. Rb1 Qxb1 23. Rxb1 Nxe4 24. Kg1 Rac8 25. Re1 f5 26. h3 Rc2 27. a3 Rf6 28. h4 Rg6 29. Re3 Rgxg2+ 30. Kf1 Bb5+ 31. Ke1 Rc1# 0-1

[Event "Valles Oriental-ch prel"]
[Site "Llinars"]
[Date "2012.01.14"]
[Round "1.5"]
[White "Serrano Rubio, Ivan"]
[Black "Centelles Vivas, Aleix"]
[Result "0-1"]
[WhiteElo "1700"]
[BlackElo "1870"]
[PlyCount "112"]
[EventDate "2012.01.14"]
[EventType "swiss"]
[EventRounds "5"]
[EventCountry "ESP"]
[SourceTitle "EXT 2024"]
[Source "ChessBase"]
[SourceDate "2023.10.10"]
[SourceVersion "1"]
[SourceVersionDate "2023.10.10"]
[SourceQuality "1"]

1. e4 c5 2. Nc3 Nc6 3. Nf3 d6 4. Be2 Nf6 5. 0-0 g6 6. d3 Bg7 7. Bd2 0-0 8. Re1 Nd4 9. Nxd4 cxd4 10. Nd5 b6 11. Bg5 e6 12. Nf4 h6 13. Bh4 g5 14. Bg3 gxf4 15. Bxf4 e5 16. Bd2 d5 17. Bb4 Re8 18. Bf3 Bb7 19. Qd2 dxe4 20. dxe4 Nh7 21. Rad1 Ng5 22. Bh5 Nxe4 23. Qe2 Qg5 24. Bf3 Nc5 25. Bd2 Bxf3 26. Qxf3 Qg6 27. b4 Ne6 28. c3 d3 29. c4 Nd4 30. Qe3 Nc2 31. Qh3 Nxe1 32. Rxe1 e4 33. Be3 Rac8 34. c5 bxc5 35. bxc5 Qe6 36. Qg3 Kh7 37. Rd1 Be5 38. Qh4 f5 39. f4 Bf6 40. Qg3 Qxa2 41. Qh3 Qd5 42. Qh5 Bd4 43. Qh3 Bxe3+ 44. Qxe3 Qxc5 45. Qxc5 Rxc5 46. h3 Rc2 47. Kf1 d2 48. Ke2 e3 49. g4 Rc1 50. Rxd2 exd2+ 51. Kxd2 Rc7 52. gxf5 Rd7+ 53. Kc3 Rc8+ 54. Kb4 Rb7+ 55. Ka5 Rc2 56. Ka6 Rb1 0-1